[Event "Gelendzhik op 11th"]
[Site "Gelendzhik"]
[Date "2015.01.07"]
[Round "4"]
[White "Kanli, Alperen"]
[Black "Ivanov, Artem"]
[Result "0-1"]
[WhiteElo "1443"]
[BlackElo "1557"]
[PlyCount "114"]
[EventDate "2015.01.04"]
[EventType "swiss"]
[EventRounds "9"]
[EventCountry "RUS"]
[SourceTitle "EXT 2017"]
[Source "ChessBase"]
[SourceDate "2016.10.25"]
[SourceVersion "1"]
[SourceVersionDate "2016.10.25"]
[SourceQuality "1"]

1. d4 d6 2. c4 e5 3. dxe5 dxe5 4. Qxd8+ Kxd8 5. Nc3 c6 6. Bd2 Be6 7. e4 Nd7 8. 0-0-0 Kc7 9. Nf3 f6 10. Be3 Nh6 11. h3 Nf7 12. Nd2 Bc5 13. Bxc5 Nxc5 14. b3 Rhd8 15. Kc2 a5 16. Be2 Nd6 17. g4 Bf7 18. f3 Nc8 19. Ndb1 Ne7 20. Rxd8 Rxd8 21. Rd1 Ne6 22. Rxd8 Kxd8 23. Bd1 Nf4 24. h4 h5 25. Ne2 Ng2 26. Ng3 Nxh4 27. gxh5 Ng2 28. Nc3 Nf4 29. Na4 Nxh5 30. Nxh5 Bxh5 31. Nc5 Kc8 32. Ne6 g5 33. Nc5 Bf7 34. Nd3 Kc7 35. Nc5 b6 36. Nd3 Ng6 37. Be2 Nf8 38. Ne1 Ne6 39. Ng2 Kd6 40. Bd1 Kc5 41. Kc3 b5 42. a3 bxc4 43. bxc4 Nd4 44. Ne1 Bxc4 45. Nd3+ Bxd3 46. Kxd3 Kb5 47. Kc3 a4 48. Kd3 c5 49. Kc3 c4 50. Kb2 Kc5 51. Bxa4 Nxf3 52. Bd1 Nd2 53. Bc2 g4 54. Kc3 g3 55. Kxd2 g2 56. a4 g1Q 57. Kc3 Qd4# 0-1

[Event "Berekfurdo tt"]
[Site "Berekfurdo"]
[Date "2013.10.05"]
[Round "5.3"]
[White "Balogh, David"]
[Black "Ivanov, Artem"]
[Result "1-0"]
[WhiteElo "2045"]
[BlackElo "1851"]
[PlyCount "67"]
[EventDate "2013.10.03"]
[EventType "team-tourn"]
[EventRounds "7"]
[EventCountry "HUN"]
[SourceTitle "CBM 156 Extra"]
[Source "ChessBase"]
[SourceDate "2013.10.22"]
[SourceVersion "1"]
[SourceVersionDate "2013.10.22"]
[SourceQuality "1"]
[WhiteTeam "Kisujszallas"]
[BlackTeam "St Petersburg"]
[WhiteTeamCountry "HUN"]
[BlackTeamCountry "RUS"]

1. d4 Nf6 2. Bg5 d5 3. Bxf6 exf6 4. e3 Be6 5. g3 c5 6. c3 Nc6 7. Bg2 cxd4 8. exd4 Bd6 9. Ne2 0-0 10. 0-0 Re8 11. Nc1 Qd7 12. Re1 Bg4 13. f3 Rxe1+ 14. Qxe1 Re8 15. Qf2 Bf5 16. Nd2 b5 17. Bf1 b4 18. Nd3 bxc3 19. bxc3 Rc8 20. Nb3 a5 21. Ndc5 Qc7 22. Bb5 Nd8 23. Re1 Be6 24. Qe2 Qe7 25. f4 f5 26. Bd7 Ra8 27. Bxe6 Nxe6 28. Nxe6 Re8 29. Nxa5 fxe6 30. Qa6 Qc7 31. Qc6 Qb8 32. Nb7 Rc8 33. Qxd6 Qxb7 34. Qxe6+ 1-0

[Event "St Petersburg Blockade op"]
[Site "St Petersburg"]
[Date "2013.01.07"]
[Round "5"]
[White "Ivanov, Artem"]
[Black "Tochanskaya, Alexandra"]
[Result "0-1"]
[WhiteElo "1920"]
[BlackElo "1472"]
[PlyCount "62"]
[EventDate "2013.01.03"]
[EventType "swiss"]
[EventRounds "9"]
[EventCountry "RUS"]
[SourceTitle "CBM 152 Extra"]
[Source "ChessBase"]
[SourceDate "2013.02.25"]
[SourceVersion "1"]
[SourceVersionDate "2013.02.25"]
[SourceQuality "1"]

1. e4 e5 2. Nc3 Nf6 3. Bc4 Nc6 4. d3 Bb4 5. Bg5 Bxc3+ 6. bxc3 h6 7. Bxf6 Qxf6 8. Ne2 d6 9. h4 Bg4 10. f3 Bd7 11. Qd2 0-0 12. 0-0-0 Na5 13. Bb3 Nxb3+ 14. cxb3 a5 15. Qe3 a4 16. Kb2 b5 17. g4 axb3 18. axb3 Qe6 19. Ng3 Ra6 20. Ra1 Rxa1 21. Rxa1 Rb8 22. Nf5 b4 23. c4 f6 24. g5 fxg5 25. hxg5 hxg5 26. Rg1 Qf6 27. Rxg5 Bxf5 28. Rxf5 Qh6 29. Qf2 Ra8 30. Qg2 Qe3 31. Rg5 Qd4+ 0-1

[Event "Arber op 1st"]
[Site "Bayerisch Eisenstein"]
[Date "2012.08.24"]
[Round "7"]
[White "Kleibel, Uwe"]
[Black "Ivanov, Artem"]
[Result "1-0"]
[WhiteElo "2088"]
[BlackElo "1945"]
[PlyCount "77"]
[EventDate "2012.08.18"]
[EventType "swiss"]
[EventRounds "9"]
[EventCountry "GER"]
[SourceTitle "CBM 150 Extra"]
[Source "ChessBase"]
[SourceDate "2012.10.19"]
[SourceVersion "1"]
[SourceVersionDate "2012.10.19"]
[SourceQuality "1"]

1. d4 Nf6 2. Nf3 g6 3. Nc3 d5 4. Bf4 Bg7 5. e3 0-0 6. Be2 c5 7. Ne5 Nc6 8. 0-0 Bf5 9. a3 Rc8 10. dxc5 Ne4 11. Nxc6 Nxc3 12. Nxd8 Nxd1 13. Raxd1 Rfxd8 14. b4 Bxc2 15. Rd2 Ba4 16. Bf3 e6 17. Rc1 b6 18. Be2 e5 19. Bg5 f6 20. Bh4 bxc5 21. bxc5 Rc6 22. Rb2 Rdc8 23. Rb4 h5 24. h3 Rxc5 25. Rxc5 Rxc5 26. Rxa4 a5 27. f4 exf4 28. exf4 f5 29. Bf2 Rc1+ 30. Bf1 Bc3 31. Bd4 Be1 32. Bb6 Bd2 33. Kf2 Be1+ 34. Ke2 Bg3 35. Kf3 h4 36. Bd3 Rc6 37. Bxa5 g5 38. fxg5 f4 39. Bd2 1-0

[Event "Arber op 1st"]
[Site "Bayerisch Eisenstein"]
[Date "2012.08.23"]
[Round "6"]
[White "Ivanov, Artem"]
[Black "Wawrinsky, Ludwig"]
[Result "1-0"]
[WhiteElo "1945"]
[BlackElo "1656"]
[PlyCount "67"]
[EventDate "2012.08.18"]
[EventType "swiss"]
[EventRounds "9"]
[EventCountry "GER"]
[SourceTitle "CBM 150 Extra"]
[Source "ChessBase"]
[SourceDate "2012.10.19"]
[SourceVersion "1"]
[SourceVersionDate "2012.10.19"]
[SourceQuality "1"]

1. e4 e6 2. d4 b6 3. Nc3 Bb4 4. e5 Bb7 5. Qg4 g6 6. Nf3 d5 7. a3 Be7 8. Bd3 Ba6 9. Bxa6 Nxa6 10. Be3 c5 11. h4 h5 12. Qf4 Nh6 13. 0-0-0 Nf5 14. g4 hxg4 15. Qxg4 cxd4 16. Nxd4 Nxe3 17. fxe3 Rxh4 18. Rxh4 Bxh4 19. Rh1 g5 20. Qh5 Nc7 21. Rf1 Qe7 22. Nc6 Qf8 23. Ne2 a5 24. Ned4 Qg8 25. Rf6 Bg3 26. Nxe6 Nxe6 27. Rxe6+ Kd7 28. Rd6+ Ke8 29. Qg4 Bf2 30. Qf3 Bh4 31. Qf6 Kf8 32. e6 Qh7 33. e7+ Kg8 34. Rd8+ 1-0

[Event "St Petersburg Spring op"]
[Site "St Petersburg"]
[Date "2012.03.29"]
[Round "8"]
[White "Ivanov, Artem"]
[Black "Toporkova, Sofia"]
[Result "1-0"]
[WhiteElo "1825"]
[BlackElo "1670"]
[PlyCount "43"]
[EventDate "2012.03.22"]
[EventType "swiss"]
[EventRounds "9"]
[EventCountry "RUS"]
[SourceTitle "EXT 2013"]
[Source "ChessBase"]
[SourceDate "2012.11.22"]
[SourceVersion "1"]
[SourceVersionDate "2012.11.22"]
[SourceQuality "1"]

1. e4 c5 2. Nf3 Nc6 3. Bb5 a6 4. Bxc6 bxc6 5. Nc3 d5 6. d3 d4 7. Ne2 g6 8. 0-0 Bg7 9. Nd2 e5 10. f4 exf4 11. Nxf4 f5 12. Qf3 Ne7 13. exf5 Bxf5 14. g4 Bc8 15. Nxg6 hxg6 16. Qf7+ Kd7 17. Qxg7 Rh4 18. Ne4 Rxg4+ 19. Kh1 Rxe4 20. dxe4 Bb7 21. Bg5 Kc7 22. Qxe7+ 1-0

[Event "St Petersburg Spring op"]
[Site "St Petersburg"]
[Date "2012.03.23"]
[Round "2"]
[White "Ivanov, Artem"]
[Black "Saveliev, Alexei"]
[Result "1/2-1/2"]
[WhiteElo "1825"]
[BlackElo "2066"]
[PlyCount "47"]
[EventDate "2012.03.22"]
[EventType "swiss"]
[EventRounds "9"]
[EventCountry "RUS"]
[SourceTitle "EXT 2013"]
[Source "ChessBase"]
[SourceDate "2012.11.22"]
[SourceVersion "1"]
[SourceVersionDate "2012.11.22"]
[SourceQuality "1"]

1. e4 d6 2. d4 Nf6 3. Nc3 e5 4. dxe5 dxe5 5. Qxd8+ Kxd8 6. Bg5 Be6 7. 0-0-0+ Bd6 8. f4 h6 9. Bh4 Bg4 10. Be2 Bxe2 11. Ngxe2 Nbd7 12. Bg3 exf4 13. Bxf4 Bxf4+ 14. Nxf4 Re8 15. Rhe1 Kc8 16. Nd3 Ne5 17. Nxe5 Rxe5 18. Nd5 Nxd5 19. Rxd5 Rxd5 20. exd5 Kd7 21. c4 f5 22. Re5 Rf8 23. Kd2 Rf7 24. b3 1/2-1/2